000 00865nam a2200229Ia 4500
001 L700-57614
003 IT-CnALBA
008 170116s9999||||xx |||||||||||||| ||und||
040 _aIT-CnALBA
_cIT-CnALBA
041 _aITALIANO
100 _aAA. VV.
245 0 _aVIA APPIA.
250 _a1a ed.
260 _aMILANO
_bLEONARDO EDITORE
_c1997 [1° Ed.:1997 - Ed.Ling.Originale: 1997]
300 _a16 p.
500 _aFONDAZIONE MEMMO. SULLA RUINE DELLA MAGNIFICENZA ANTICA. DA PORTA MASSIMO ALLA CAMPAGNA ROMANA. VIA APPIA.
501 _aSocietà San Paolo EM - Piazza San Paolo, 14 - 12051 ALBA (CN) (non commercial uses only) ® Copyright 2017
520 _aFONDAZIONE MEMMO. SULLA RUINE DELLA MAGNIFICENZA ANTICA. DA PORTA MASSIMO ALLA CAMPAGNA ROMANA. VIA APPIA.
650 _aBELLE ARTI-ARTI DECORATIVE
942 _cBK
957 _71
999 _a75114
_bNO
_g Copie: 1
_c316448
_d316448